Administración estratégica: un enfoque integral

Guardat en:
Dades bibliogràfiques
Autors principals: Hill, Charles W. L., Jones, Gareth R (Autor)
Format: Llibre
Idioma:anglès
Publicat: Ciudad de México Cengage Learning 2011
Edició:Novena edición
Matèries:
Etiquetes: Afegir etiqueta
Sense etiquetes, Sigues el primer a etiquetar aquest registre!

MARC

LEADER 00000nam a22000007a 4500
003 CL-VaPUC
005 20230905074232.0
008 200310b ||||| |||| 00| 0 eng d
999 |c 422638  |d 422636 
040 |c Pontificia Universidad Católica de Valparaíso 
082 0 4 |a 658 HIL 2011 
100 |a Hill, Charles W. L.  |9 737451 
245 1 0 |a Administración estratégica: un enfoque integral 
250 |a Novena edición 
260 |a Ciudad de México  |b Cengage Learning  |c 2011 
300 |a p.i. 
583 |c 20200310  |k Valeria Valenzuela 
650 0 0 |a Administración de empresas   |9 260833 
650 0 0 |a Planificación estratégica   |9 259735 
650 0 0 |a Competitividad   |9 308495 
650 0 0 |a Toma de decisiones   |9 257530 
700 |a Jones, Gareth R  |e author  |9 598329 
942 |2 ddc  |c BK 
952 |0 0  |1 0  |2 ddc  |4 0  |6 658_000000000000000_HIL_2011  |7 0  |9 560947  |a BIBING  |b BIBING  |c GEN  |d 2020-03-10  |i 5617510  |o 658 HIL 2011  |p 5617510  |r 2025-01-20  |t 1  |w 2020-03-10  |y BK  |k Ell